|
|
|
|
| LEADER |
00000nab a2200000 a 4500 |
| 001 |
vtls000160110 |
| 003 |
SK-MaSNL |
| 005 |
20260303072927.0 |
| 008 |
160204c1983 xo 0 slo |
| 015 |
|
|
|a SNBRB19rr/mm-uuuuu
|
| 035 |
|
|
|a CL0170220
|
| 040 |
|
|
|a SNKBUCL
|b slo
|c SNKBUCL
|e AACR2
|
| 041 |
0 |
|
|a slo
|
| 044 |
|
|
|a xo
|c SK
|
| 080 |
|
|
|a 634.8.047
|2 1981
|
| 100 |
1 |
|
|a Polakovič, Ferdinand
|4 aut
|9 515392
|
| 245 |
1 |
0 |
|a Vzťahy medzi úrodou hrozna a veľkosťou listovej plochy viniča na terasách
|c Ferdinand Polakovič, Marek Vandák
|
| 300 |
|
|
|b Tb. 1., lit. 5 zázn. v slov., ruš.
|
| 650 |
0 |
7 |
|a vinič hroznorodý
|2 snkbucl
|9 15944
|
| 655 |
|
7 |
|a články z novín a časopisov
|2 snkbucl
|9 267496
|
| 700 |
1 |
|
|a Vandák, Marek
|4 aut
|9 925627
|
| 773 |
0 |
|
|t Vinohrad
|g Roč. 21, č. 9 (1983), s. 196-197
|
| 850 |
|
|
|a Slovenská národná knižnica v Martine
|a MTA001
|
| 852 |
|
|
|a SNK
|b KIS3GCP
|
| 958 |
|
|
|a NB
|
| 958 |
|
|
|a RK
|
| 992 |
|
|
|a RBX
|
| 999 |
|
|
|c 1765331
|d 1767261
|